000 00392nam a2200157Ia 4500
008 230524s9999 xx 000 0 und d
082 _a5.166
_bSIV
100 _aJ.N.Sharma
245 0 _aNumerical Methods for Engineers and Scientists
250 _a1ST
260 _aNEW DELHI
_bNarosa
_c2003
300 _aXII;223
500 _aQuantity Number: 2
650 _aMathematics
942 _cBK
999 _c17895
_d17895